| 000 | 00605nam a2200205 i 4500 | ||
|---|---|---|---|
| 001 | 95443 | ||
| 003 | ES-MaACL | ||
| 005 | 20230906181715.0 | ||
| 007 | t| | ||
| 008 | 050530s1972 sp ||||1| spa d | ||
| 100 | 1 |
_aLlanos, José María de. _972709 |
|
| 245 | 1 | 0 |
_aDesde la perplejidad en compromiso / _cJosé María de Llanos. |
| 260 |
_aSalamanca : _bSígueme, _c1972. |
||
| 300 |
_a192 p. ; _c21 cm. |
||
| 490 | 1 |
_aSéptimo sello ; _v16 |
|
| 650 | 4 |
_aCristianismo- _xHistoria- _yS.XX. _9160094 |
|
| 830 | 1 |
_aSéptimo sello ; _v16 _9181767 |
|
| 852 |
_aES-MaACL _jC-51159 |
||
| 999 |
_c95443 _d95443 |
||